رحلة إلى المريخ / (رقم التسجيلة. 114457)

تفاصيل مارك
000 -LEADER
fixed length control field 00671nam a22002057a 4500
005 - DATE AND TIME OF LATEST TRANSACTION
control field 20251108174640.0
008 - FIXED-LENGTH DATA ELEMENTS--GENERAL INFORMATION
fixed length control field 250721s2007 xx 000 0 ara d
082 14 - DEWEY DECIMAL CLASSIFICATION NUMBER
Classification number ط/629.41/هار
100 1# - MAIN ENTRY--PERSONAL NAME
Personal name هاريس، نيكولاس
245 10 - TITLE STATEMENT
Title رحلة إلى المريخ /
264 1# - PRODUCTION, PUBLICATION, DISTRIBUTION, MANUFACTURE, AND COPYRIGHT NOTICE
Place of production, publication, distribution, manufacture الجيزة :
Name of producer, publisher, distributor, manufacturer دار الفاروق للاستثمارات الثقافية،
Date of production, publication, distribution, manufacture, or copyright notice 2007.
300 ## - PHYSICAL DESCRIPTION
Extent 28ص.
490 0# - SERIES STATEMENT
Series statement رحلة عبر الزمن
650 17 - SUBJECT ADDED ENTRY--TOPICAL TERM
Topical term or geographic name as entry element الرحلات الفضاايه
650 17 - SUBJECT ADDED ENTRY--TOPICAL TERM
Topical term or geographic name as entry element المريخ
653 ## - INDEX TERM--UNCONTROLLED
Uncontrolled term اطفال مرحله متوسطه (6-9)سنوات
700 1# - ADDED ENTRY--PERSONAL NAME
Personal name دينيس، بيتر
Relator term رسام
942 ## - ADDED ENTRY ELEMENTS (KOHA)
Source of classification or shelving scheme Dewey Decimal Classification
Koha item type كتب
المقتنيات
حالة السحب حالة الفقدان مصدر التصنيف حالة التلف غير قابل للإعارة المكتبة الرئيسية المكتبة الحالية موقع الرف تاريخ التزويد الرقم المتسلسل Total Checkouts رقم الإستدعاء الباركود تاريخ آخر ظهور تاريخ الفاتورة نوع المادة (كوها)
    Dewey Decimal Classification     مكتبة حمزة العامة مكتبة حمزة العامة الأطفال 28/07/2025 1229275   ط/629.41/هار PLD00045884 28/07/2025 28/07/2025 كتب
    Dewey Decimal Classification     مكتبة مؤتة مكتبة مؤتة الأطفال 23/10/2008 1229280   ط/629.41/هار PLD00046233 28/07/2025 23/10/2008 كتب
    Dewey Decimal Classification     مكتبة مرج الحمام مكتبة مرج الحمام الأطفال 23/10/2008 1229282   ط/629.41/هار PLD00046235 28/07/2025 23/10/2008 كتب
Implemented & Customized by: BBB with SCIT (Smart Chains for Information Technology)

Powered by Koha